دروس في القانون الاجتماعي / (Record no. 23455)
[ view plain ]
| 000 -الفاتح | |
|---|---|
| حقل البيانات ثابتة الطول | 01438nam a22002895a 4500 |
| 003 - محدد رقم الضبط | |
| رقم الضبط | OSt |
| 005 - وقت وتاريخ اخر تعامل مع التسجيلة | |
| رقم الضبط | 20161205120946.0 |
| 008 - عناصر البيانات ثابتة الطول - معلومات عامة | |
| حقل البيانات ثابتة الطول | 161205k20102007ua frb 000 0 ara d |
| 015 ## - | |
| -- | 2006/4819 |
| 020 ## - الرقم الدولى المعيارى للكتب | |
| الرقم الدولى المعيارى للكتاب | 9770449342 |
| 040 ## - مصدر الفهرسة | |
| وكالة الفهرسة الأصلية | EG-ScBUE |
| لغة الفهرسة | ara |
| وكالة النسخ | EG-ScBUE |
| 043 ## - رمز المنطقة الجغرافية | |
| رمز المنطقة الجغرافية | f-ua--- |
| 082 04 - رقم تصنيف ديوى العشرى | |
| رقم التصنيف | 344.6201891 |
| رقم المادة | ب هـ ج |
| رقم الطبعة | 22 |
| 100 1# - المدخل الرئيسى - إسم شخصى | |
| الإسم الشخصى | بهجت، أحمد عبد التواب محمد. |
| 245 10 - بيان العنوان | |
| العنوان | دروس في القانون الاجتماعي / |
| بيان المسئوليه,etc | أحمد عبد التواب محمد بهجت. |
| 246 33 - العنوان الموازى | |
| عنوان صحيح/عنوان مختصر | دروس في أحكام القانون الاجتماعي |
| 250 ## - بيان الطبعة | |
| بيان الطبعة | ط. 2. |
| 260 ## - PUBLICATION, DISTRIBUTION, ETC. (IMPRINT) | |
| مكان الناشر او الموزع | القاهرة : |
| اسم الناشر او الموزع | دار النهضة العربية، |
| تاريخ النشر أو التوزيع | 2010-2007. |
| 300 ## - الوصف المادى | |
| التعداد | 2 مج. ؛ |
| أبعاد الوعاء | 24 سم. |
| 504 ## - تبصرة ببليوجرافية | |
| تبصرة ببليوجرافية,الخ | يشتمل على إرجاعات ببليوجرافية. |
| 505 0# - تبصرة محتويات-الفهرس | |
| تبصرة المحتويات المصاغة | مج. 1. إبرام عقد العمل الفردي : على ضوء قانون العمل الجديد رقم 12 لسنة 2003 والقرارات المنفذة له -- مج. 2. قانون العمل الموحد (الجديد) : وفقا للتشريع رقم 12 لسنة 2003 والقرارات الوزارية المنفذة لأحكامه ومذكرته الإيضاحية. |
| 650 #7 - المدخل الاضافى بالموضوع-مصطلح موضوعى | |
| مصطلح موضوعي أو اسم جغرافي كعنصر مدخل | عقود العمل |
| التقسيم الفرعي العام | قوانين وتشريعات |
| التقسيم الفرعي الجغرافي | مصر. |
| مصدر الرأس أو المصطلح | BUEsh |
| 650 #7 - المدخل الاضافى بالموضوع-مصطلح موضوعى | |
| مصطلح موضوعي أو اسم جغرافي كعنصر مدخل | العمل والعمال |
| التقسيم الفرعي العام | قوانين وتشريعات |
| التقسيم الفرعي الجغرافي | مصر. |
| مصدر الرأس أو المصطلح | BUEsh |
| 9 (RLIN) | 10938 |
| 651 ## - المدخل الاضافى بالموضوع - اسم جغرافى | |
| مصدر الرأس أو المصطلح | BUEsh |
| 653 ## - مصطلح تكشيفى غير مقيد | |
| Resource For college | Law |
| Arrived date list | December2016 |
| 942 ## - عناصر المدخل الإضافي( كوها) | |
| مصدر التصنيف او مخطط الترفيف | Dewey Decimal Classification |
| حالة التراجع | حالة الفقد | مصدر التصنيف او خطة الترفيف | حالة تلف | ليس للاعارة | مجموعات كوها | المكان الدائم | المكان الحالي | موقع الترفيف | تاريخ الاكتساب | Source of acquisition | سعر الشراء الطبيعي | تعداد مسلسل / التسلسل الزمني | رقم الاستدعاء | الباركود | Date last seen | مُعار | التكلفة | نوع الوعاء | تبصرة عامة |
|---|---|---|---|---|---|---|---|---|---|---|---|---|---|---|---|---|---|---|---|
| Dewey Decimal Classification | دار النهضة العربية | Central Library | Central Library | First floor | 05/12/2016 | Purchase | 55.00 | 2815 | 344.6201891 ب هـ ج | 000040278 | 15/07/2025 | 03/05/2023 | 68.75 | Book - Borrowing | مج. 1 | ||||
| Dewey Decimal Classification | دار النهضة العربية | Central Library | Central Library | First floor | 05/12/2016 | Purchase | 55.00 | 2815 | 344.6201891 ب هـ ج | 000040277 | 15/07/2025 | 18/04/2023 | 68.75 | Book - Borrowing | مج. 1 | ||||
| Dewey Decimal Classification | دار النهضة العربية | Central Library | Central Library | First floor | 05/12/2016 | Purchase | 115.00 | 2815 | 344.6201891 ب هـ ج | 000040276 | 15/07/2025 | 04/12/2022 | 143.75 | Book - Borrowing | مج. 2 | ||||
| Dewey Decimal Classification | دار النهضة العربية | Central Library | Central Library | First floor | 05/12/2016 | Purchase | 115.00 | 2815 | 344.6201891 ب هـ ج | 000040275 | 15/07/2025 | 03/12/2023 | 143.75 | Book - Borrowing | مج. 2 |